00529nam a22001577a 450000500170000000800410001702000160005805000140007410000180008824500250010626000610013130000140019294200120020699900190021895201340023720260216121621.0260216b |||||||| |||| 00| 0 eng d a434 98509 0 aMT 2 053  aPeter Dimond aMUSICb; Made Simple aLondon, Great BritainbMade Simple Books HEINEMAN c1982 a276 pages 2lcccBK c216582d216582 00102lcc40708ARTS9375175aKSULbKSULcDISPLAYd2026-02-16i19317l1p022047r2026-02-19 09:15:14s2026-02-16w2026-02-16yBK